Statistics for Guess the kpop member

Click here to take the quiz!

General Stats

  • This quiz has been taken 3,002 times
  • The average score is 10 of 15

Answer Stats

HintAnswer% Correct
the maknae and the main dancer of SHINeeTaemin
91%
Lead dancer and centre of BTSJungkook
89%
main vocalist of Exo and is apart of CBXChen
76%
Main rapper and the visual of ExoChanyeol
71%
lead rapper and lead dancer of SHINeeKey
71%
Rapper and Dancer of Stray KidsFelix
70%
Main dancer, Vocalist and the maknae of NCT DreamJisung
69%
Main dancer of Stray kidsMinho
69%
Vocalist and the 2nd visual of BTSTaehyung
69%
main dancer and lead vocalist of SeventeenHoshi
66%
Leader of Monsta XShownu
62%
lead dancer and visual of NCT DreamJeno
56%
Lead dancer and sub vocalist of SeventeenThe8
55%
Lead dancer and vocalist of NCT 127WinWin
41%
the lead rapper and the maknae of Monsta XWonho
23%

Score Distribution

Percentile by Number Answered

Percent of People with Each Score

Your Score History

You have not taken this quiz